000 00618nam a22002171 4500
001 bimo0001595980
003 OSt
005 20150218213002.0
008 000401s1968 sp spa
040 _aSpMaBN
_bspa
_cBMC
082 _a909
100 _9558
_aZweig, Stefan
_d1881-1942
245 1 0 _aNuevos momentos estelares de la humanidad
_cStefan Zweig ; [traducción del alemán por Alfredo Cahn]
250 _a4ª ed
260 0 _aMadrid
_bEspasa-Calpe
_c1968
300 _a142 p.
_c18 cm
490 0 _aAustral
_v1172
650 7 _91258
_aHistoria universal
700 _aCahn, Alfredo
_9460
942 _2ddc
_cBK
999 _c839
_d839